000 00810nam a2200265 i 4500
001 91869
003 ES-MaACL
005 20251001145223.0
007 t|
008 050224s2003 sp ||||1| spa d
020 _a84-7844-728-8
080 _a1 Zhuangzi
080 _a299.513
100 1 _aBilleter, Jean François.
_928886
245 1 0 _aCuatro lecturas sobre Zhuangzi /
_cJean François Billeter ; traducción de Anne-Hélène Suárez Girard.
260 _aMadrid :
_bSiruela,
_c[2003]
300 _a186 p. ;
_c15 cm.
490 1 _aBiblioteca de ensayo
600 1 4 _aZhuangzi.
_9118224
650 0 4 _aTaoísmo.
_917283
700 1 _aSuárez Girard, Anne-Hélène,
_d1960-
_9160364
830 0 _aBiblioteca de ensayo
_9178029
852 _aES-MaACL
_jL-28944
_bR.135089
999 _c91869
_d91869